| 000 | 00542nam a2200205 4500 | ||
|---|---|---|---|
| 003 | OSt | ||
| 005 | 20260530115312.0 | ||
| 008 | 260423b1966 nyu||||| |||| 00| 0 eng d | ||
| 040 |
_aICI _bspa _cICI |
||
| 050 |
_aHE4211 _bR52 1969 |
||
| 100 | 1 |
_aRichards, Brian, _932996 |
|
| 245 | 1 | 0 | _aNew movement in cities |
| 264 | 1 |
_bStudio vista, _c1966 _aLondon : |
|
| 300 | _a96 páginas | ||
| 336 |
_atexto _2rdacontent |
||
| 337 |
_asin medio _2rdamedia |
||
| 338 |
_avolumen _2rdacarrier |
||
| 650 | 4 |
_aTránsito local _932997 |
|
| 942 |
_2lcc _cBK _n1 |
||
| 999 |
_c13417 _d13417 |
||